00734nam a22002417a 4500003000500000005001700005008004100022010001100063011001100074020001800085035001100103040000900114082001300123100002100136245008900157260003200246300002500278490005400303650002600357650002600383650002900409830005400438CHAP20220329143754.0110803s2009 us a r 00010 eng d a101696 a102668 a9780123742049 a113357 cCHAP04a664bC541 aClark, J. Peter.10aPractical design, construction and operation of food facilitiesc/por J. Peter Clark aNew York :bELSEVIER,c2009 avii, 317 p. :bilus. aFood Science and Technology. International series14aAlimentosxIndustria.14aAlimentosxProcesado.14aAlimentosxTecnología.00aFood Science and Technology. International series